ბათუმის შოთა რუსთაველის სახელმწიფო უნივერსიტეტის ბიბლიოთეკა

სიყვარული (ბიბ.ჩანაწერი № 42983)

000 -LEADER
fixed length control field 00876nam a2200217Ia 4500
001 - CONTROL NUMBER
control field 9700
003 - CONTROL NUMBER IDENTIFIER
control field GE_BSU
008 - FIXED-LENGTH DATA ELEMENTS--GENERAL INFORMATION
fixed length control field 181216s||||||||xx |||||||||||||| ||und||
040 ## - CATALOGING SOURCE
Transcribing agency GE_BSU
080 ## - UNIVERSAL DECIMAL CLASSIFICATION NUMBER
Universal Decimal Classification number 821.353.1-1
100 ## - MAIN ENTRY--PERSONAL NAME
Personal name ნაფეტვარიძე,გიორგი
245 ## - TITLE STATEMENT
Title სიყვარული
245 ## - TITLE STATEMENT
Remainder of title ლექსები,ბალადები,პოემები,მოთხრობები.ფრონტული წერილები.
245 ## - TITLE STATEMENT
Statement of responsibility, etc. რედ:დ.სტურუა;მხატვ:.თ.სამსონაძე
260 ## - PUBLICATION, DISTRIBUTION, ETC.
Place of publication, distribution, etc. თბილისი.
260 ## - PUBLICATION, DISTRIBUTION, ETC.
Name of publisher, distributor, etc. ნაკადული.
260 ## - PUBLICATION, DISTRIBUTION, ETC.
Date of publication, distribution, etc. 1965.
300 ## - PHYSICAL DESCRIPTION
Extent 283გვ;20სმ.
653 ## - INDEX TERM--UNCONTROLLED
Uncontrolled term სიყვარული:ლექსები,ბალადები,პოემები,მოთხრობები.
942 ## - ADDED ENTRY ELEMENTS (KOHA)
Koha item type წიგნი
ეგზემპლარები
Withdrawn status Lost status Damaged status Not for loan Date acquired Barcode Date last seen Price effective from Koha item type
        2018-12-17 32815 2018-12-17 2018-12-17 წიგნი